| 000 | 00887cad a22002175a 4500 | ||
|---|---|---|---|
| 001 | L157184 | ||
| 008 | 120914s2012 xxk f 000 0 eng d | ||
| 035 | _a(Sirsi) u157184 | ||
| 041 | 0 | _aeng | |
| 110 | 2 |
_aGVA _95945 |
|
| 245 | 0 | 0 |
_aStudent housing market overview _h[electronic resource] |
| 260 |
_aLondon _bGVA _c2012 |
||
| 490 | 0 |
_aGVA Student Housing Market Overview _vAutumn 2012 |
|
| 520 | _aUK student housing sector continues to flourish with a noticeable imbalance between supply and demand for prime purpose built property. Investor demand remains strong with yields bolstered by long leases and strong covenants. | ||
| 590 | _aKA NTK | ||
| 651 | 4 | _aUnited Kingdom | |
| 690 |
_aResidential property _96266 |
||
| 690 |
_aInvestments _96250 |
||
| 856 | 4 | 0 |
_uhttps://www.gva.co.uk/research/ _zView the item free of charge from the www.thedomain.co.uk website. |
| 942 | _n0 | ||
| 999 |
_c114643 _d114643 |
||